| 000 | 00914cam a2200301 i 4500 | ||
|---|---|---|---|
| 999 |
_c200443144 _d61356 |
||
| 003 | TR-AnTOB | ||
| 005 | 20221007104949.0 | ||
| 007 | ta | ||
| 008 | 210820m19589999fr ade b i000 0 eng d | ||
| 010 | _a58014910 | ||
| 035 | _a386898 | ||
| 040 |
_aDLC _beng _erda _cNRC _dNRC _dUtOrBLW _dTR-AnTOB |
||
| 041 | 0 | _aeng | |
| 050 | 0 | 4 |
_aTH4911 _b.O74 1958 |
| 090 |
_aTH4911 _b.O74 1958 |
||
| 110 | 2 |
_aEuropean Productivity Agency _9127599 |
|
| 245 | 1 | 0 |
_aFarm buildings, including their remodelling and adaptation : _bProject no. 391. |
| 264 | 1 |
_aParis : _bOECD, _c[1958-] |
|
| 300 |
_a2 volumes : _billustrations, charts, plans ; _c24 cm |
||
| 336 |
_atext _btxt _2rdacontent |
||
| 337 |
_aunmediated _bn _2rdamedia |
||
| 338 |
_avolume _bnc _2rdacarrier |
||
| 505 | 1 | _av. 1. United States. -- v. 2. Europe. | |
| 650 | 0 |
_aFarm buildings _9132239 |
|
| 942 |
_2lcc _cBK |
||